000 00410nam a2200157Ia 4500
003 GCL
008 140319s9999 xx 000 0 eng d
040 _aGCL /
_cGCL
082 0 4 _a940
_bB N
100 1 _aPURY, J. P
245 1 0 _aTHE NEW COMBRIDGE MODERN HISTORY VEL V.X /
_cPURY, J. P
260 _a[S.N] :
_bCOMBRIDGE UNIVERSIY ،
_c1960
300 _a765 P
650 0 4 _aHISTORY, MODERN
942 _2ddc
_cBK
999 _c19335
_d19335